header

The prosecutor and the judge (Record no. 108589)

MARC details
000 -LEADER
fixed length control field 01498nam a2200337Ia 4500
100 1# - MAIN ENTRY--AUTHOR NAME
Personal name Stuart, Heikelina Verrijn.
245 14 - TITLE STATEMENT
Title The prosecutor and the judge
260 ## - PUBLICATION, DISTRIBUTION, ETC. (IMPRINT)
Place of publication Amsterdam :
Name of publisher Amsterdam University Press ;
Place of publication Manchester :
Name of publisher Manchester University Press [distributor],
Year of publication c2009.
300 ## - PHYSICAL DESCRIPTION
Number of Pages 192 p.
650 #0 - SUBJECT ADDED ENTRY--TOPICAL TERM
Topical Term Judges
Topical Term Lawyers
700 1# - ADDED ENTRY--PERSONAL NAME
Personal name Simons, Marlise.
856 40 - ELECTRONIC LOCATION AND ACCESS
Uniform Resource Identifier http://site.ebrary.com/lib/rucke/Doc?id=10367641

No items available.

© 2026 Rongo University
Contact us: librarian | system librarian | Rongo university